Lucky dreams / (Record no. 147964)
[ view plain ]
| 000 -LEADER | |
|---|---|
| fixed length control field | 00502nam a22001817a 4500 |
| 005 - DATE AND TIME OF LATEST TRANSACTION | |
| control field | 20171212150251.0 |
| 010 ## - LCCN (DPL NO) | |
| LC control number | ENG-121853 |
| 020 ## - INTERNATIONAL STANDARD BOOK NUMBER | |
| International Standard Book Number | 9788192990743 |
| Terms of availability | 200.00 |
| 035 ## - SYSTEM CONTROL NUMBER | |
| System control number | EN-105385 |
| 037 ## - SOURCE OF ACQUISITION | |
| Source of stock number/acquisition | DBAD/PUB |
| 082 ## - DEWEY DECIMAL CLASSIFICATION NUMBER | |
| Classification number | 154.632 |
| 100 ## - MAIN ENTRY--PERSONAL NAME | |
| Personal name | Saxena, Utkarsh |
| 245 ## - TITLE STATEMENT | |
| Title | Lucky dreams / |
| Statement of responsibility, etc | by Utkarsh Saxena |
| 260 ## - PUBLICATION, DISTRIBUTION, ETC. (IMPRINT) | |
| Place of publication, distribution, etc | New Delhi |
| Name of publisher, distributor, etc | NBD Books |
| Date of publication, distribution, etc | 2015 |
| 270 ## - ADDRESS | |
| Address | 407, GH-8,Pashim Vihar |
| City | New Delhi |
| Postal code | 110087 |
| 300 ## - PHYSICAL DESCRIPTION | |
| Extent | 115p. |
| Dimensions | 22cm(pbk) |
| 942 ## - ADDED ENTRY ELEMENTS (KOHA) | |
| Source of classification or shelving scheme | Dewey Decimal Classification |
| Item type | English Books |
| Classification part | 154.632 |
| Call number suffix | SAX |
| Withdrawn status | Lost status | Not for loan | Collection code | Home library | Current library | Date acquired | Source of acquisition | Cost, normal purchase price | Full call number | Barcode | Copy number | Cost, replacement price | Koha item type |
|---|---|---|---|---|---|---|---|---|---|---|---|---|---|
| Not For Loan | Non-fiction | D.B.Act.Division | Bawana | 12/12/2017 | DBAD/PUB | 200.00 | 154.632 SAX | EN-105385 | 1 | 200.00 | English Books |
